<?xml version="1.0" encoding="UTF-8"?>
<record
    xmlns:xsi="http://www.w3.org/2001/XMLSchema-instance"
    xsi:schemaLocation="http://www.loc.gov/MARC21/slim http://www.loc.gov/standards/marcxml/schema/MARC21slim.xsd"
    xmlns="http://www.loc.gov/MARC21/slim">

  <leader>02320njm a2200373Ia 4500</leader>
  <controlfield tag="001">23799</controlfield>
  <controlfield tag="003">IT-RoPAU</controlfield>
  <controlfield tag="005">20220918181204.0</controlfield>
  <controlfield tag="008">131025s9999    xx            000 0 und d</controlfield>
  <datafield tag="040" ind1=" " ind2=" ">
    <subfield code="a">IT-RoPAU</subfield>
  </datafield>
  <datafield tag="040" ind1=" " ind2=" ">
    <subfield code="c">IT-RoPAU</subfield>
  </datafield>
  <datafield tag="999" ind1=" " ind2=" ">
    <subfield code="c">103300</subfield>
    <subfield code="d">103300</subfield>
  </datafield>
  <datafield tag="999" ind1=" " ind2=" ">
    <subfield code="b">n.d.</subfield>
  </datafield>
  <datafield tag="100" ind1=" " ind2=" ">
    <subfield code="a">AA.VV.</subfield>
    <subfield code="9">794</subfield>
  </datafield>
  <datafield tag="100" ind1=" " ind2=" ">
    <subfield code="e">Autore musica</subfield>
    <subfield code="9">5980</subfield>
  </datafield>
  <datafield tag="100" ind1=" " ind2=" ">
    <subfield code="g">Codice autore musica SPICS: 12000</subfield>
    <subfield code="9">796</subfield>
  </datafield>
  <datafield tag="245" ind1=" " ind2=" ">
    <subfield code="a">Orchestra Sings (The)-Famous melodies From the Opera-Lp 8440</subfield>
  </datafield>
  <datafield tag="250" ind1=" " ind2=" ">
    <subfield code="a">1a ed.</subfield>
  </datafield>
  <datafield tag="260" ind1=" " ind2=" ">
    <subfield code="a">USA</subfield>
  </datafield>
  <datafield tag="260" ind1=" " ind2=" ">
    <subfield code="b">CAPITOL RECORDS</subfield>
    <subfield code="c">1961 [1a Ed.:1961]</subfield>
  </datafield>
  <datafield tag="300" ind1=" " ind2=" ">
    <subfield code="a">DISCO</subfield>
  </datafield>
  <datafield tag="500" ind1=" " ind2=" ">
    <subfield code="a">Musica operistica. Musica classica. Opera lirica</subfield>
  </datafield>
  <datafield tag="505" ind1=" " ind2=" ">
    <subfield code="a">Il barbiere di Siviglia: largo al factotum (Rossini) - Mattinata (Leoncavallo) - La Traviata: amami Alfredo (Verdi) - Faust: Soldier's Chorus (Gounod) - Madame Butterfly: One Fine Day (Un bel d&#xEC;) (Puccini) - Pagliacci: vesti la giubba (Leoncavallo) - Rigoletto: la donna &#xE8; mobile (Verdi) - Tannhauser: Pilgrim's Chorus (Wagner) - La Traviata: Drinking Song (Libiamo) (Verdi) - Martha: m'appari (Flotow) - Boheme: Musetta's Waltz (Puccini)</subfield>
  </datafield>
  <datafield tag="511" ind1=" " ind2=" ">
    <subfield code="a">Capitol Symphony Orchestra diretta da Dragon Carmen</subfield>
  </datafield>
  <datafield tag="650" ind1=" " ind2=" ">
    <subfield code="a">OPERA [DISCHI]</subfield>
    <subfield code="e">Codice MATERIA SPICS: 9950</subfield>
    <subfield code="9">961</subfield>
  </datafield>
  <datafield tag="700" ind1=" " ind2=" ">
    <subfield code="a">Rossini Gioachino</subfield>
    <subfield code="d">Codice autore musica SPICS: 11125</subfield>
    <subfield code="e">Autore musica</subfield>
    <subfield code="p">Il barbiere di Siviglia: largo al factotum</subfield>
    <subfield code="9">5981</subfield>
  </datafield>
  <datafield tag="700" ind1=" " ind2=" ">
    <subfield code="a">Sterbini Cesare</subfield>
    <subfield code="d">Codice autore testo SPICS: 23065</subfield>
    <subfield code="e">Autore testo</subfield>
    <subfield code="p">Il barbiere di Siviglia: largo al factotum</subfield>
    <subfield code="9">5982</subfield>
  </datafield>
  <datafield tag="700" ind1=" " ind2=" ">
    <subfield code="a">Leoncavallo Ruggiero</subfield>
    <subfield code="d">Codice autore musica SPICS: 11470</subfield>
    <subfield code="e">Autore musica</subfield>
    <subfield code="p">Mattinata - I Pagliacci: vesti la giubba</subfield>
    <subfield code="9">5983</subfield>
  </datafield>
  <datafield tag="700" ind1=" " ind2=" ">
    <subfield code="a">Verdi Giuseppe</subfield>
    <subfield code="d">Codice autore musica SPICS: 89</subfield>
    <subfield code="e">Autore musica</subfield>
    <subfield code="p">La Traviata: amami Alfredo - Rigoletto: la donna &#xE8; mobile - La Traviata: Drinking Song (Libiamo)</subfield>
    <subfield code="9">5984</subfield>
  </datafield>
  <datafield tag="700" ind1=" " ind2=" ">
    <subfield code="a">Gounod Charles</subfield>
    <subfield code="d">Codice autore musica SPICS: 10670</subfield>
    <subfield code="e">Autore musica</subfield>
    <subfield code="p">Faust: Soldier's Chorus</subfield>
    <subfield code="9">5985</subfield>
  </datafield>
  <datafield tag="700" ind1=" " ind2=" ">
    <subfield code="a">Puccini Giacomo</subfield>
    <subfield code="d">Codice autore musica SPICS: 11082</subfield>
    <subfield code="e">Autore musica</subfield>
    <subfield code="p">Madame Butterfly: One Fine Day (Un bel d&#xEC;) - Boheme: Musetta's Waltz</subfield>
    <subfield code="9">5986</subfield>
  </datafield>
  <datafield tag="700" ind1=" " ind2=" ">
    <subfield code="a">Wagner Richard</subfield>
    <subfield code="d">Codice autore musica SPICS: 563</subfield>
    <subfield code="e">Autore musica</subfield>
    <subfield code="p">Tannhauser: Pilgrim's Chorus</subfield>
    <subfield code="9">5987</subfield>
  </datafield>
  <datafield tag="700" ind1=" " ind2=" ">
    <subfield code="a">Flotow Friederich Von</subfield>
    <subfield code="d">Codice autore musica SPICS: 13818</subfield>
    <subfield code="e">Autore musica</subfield>
    <subfield code="p">Martha: m'appari</subfield>
    <subfield code="9">5988</subfield>
  </datafield>
  <datafield tag="942" ind1=" " ind2=" ">
    <subfield code="c">MD</subfield>
    <subfield code="2">ddc</subfield>
  </datafield>
  <datafield tag="952" ind1=" " ind2=" ">
    <subfield code="0">0</subfield>
    <subfield code="1">0</subfield>
    <subfield code="4">0</subfield>
    <subfield code="6">23799_000000000000000</subfield>
    <subfield code="7">1</subfield>
    <subfield code="a">SPICS</subfield>
    <subfield code="b">SPICS</subfield>
    <subfield code="d">2013-10-25</subfield>
    <subfield code="l">0</subfield>
    <subfield code="o">23799</subfield>
    <subfield code="r">2013-10-25 00:00:00</subfield>
    <subfield code="w">2013-10-25</subfield>
    <subfield code="y">MD</subfield>
    <subfield code="z">Progr. Ins.: 4646 / N.Vol.: 1 / Copie: 1 - Copia rara: n.d. / date import: 01.01.2014 - By Epidotti, Trombetti, Vaglietti</subfield>
  </datafield>
</record>
